[Event "Varese op 9th"]
[Site "Varese"]
[Date "2009.10.18"]
[Round "6"]
[White "Cardani, Roberto"]
[Black "Guzzetti, Luigi Enrico"]
[Result "1/2-1/2"]
[WhiteElo "1943"]
[BlackElo "1863"]
[PlyCount "71"]
[EventDate "2009.10.10"]
[EventType "swiss"]
[EventRounds "6"]
[EventCountry "ITA"]
[SourceTitle "EXT 2024"]
[Source "ChessBase"]
[SourceDate "2023.10.10"]
[SourceVersion "1"]
[SourceVersionDate "2023.10.10"]
[SourceQuality "1"]

1. e4 c5 2. Nf3 e6 3. d4 cxd4 4. Nxd4 a6 5. Bd3 Qc7 6. Nc3 Nf6 7. 0-0 Nc6 8. Be3 Be7 9. Kh1 b5 10. a3 Bb7 11. f4 d6 12. Qe2 h5 13. f5 Nxd4 14. Bxd4 e5 15. Bg1 h4 16. h3 Rd8 17. Rae1 Nh5 18. Bh2 Bg5 19. a4 b4 20. Na2 a5 21. Bb5+ Bc6 22. c3 Bxb5 23. Qxb5+ Ke7 24. cxb4 Rb8 25. Qxa5 Qxa5 26. bxa5 Rxb2 27. Nc3 Ra8 28. Nd5+ Kf8 29. Rb1 Ra2 30. a6 Kg8 31. Nc7 Ra7 32. Rb7 Be3 33. Re1 Bf2 34. Rf1 Bc5 35. Rc1 Be3 36. Re1 1/2-1/2

[Event "Varese op 9th"]
[Site "Varese"]
[Date "2009.10.11"]
[Round "3"]
[White "Maccarini, Luca"]
[Black "Cardani, Roberto"]
[Result "1/2-1/2"]
[WhiteElo "1838"]
[BlackElo "1943"]
[PlyCount "123"]
[EventDate "2009.10.10"]
[EventType "swiss"]
[EventRounds "6"]
[EventCountry "ITA"]
[SourceTitle "EXT 2024"]
[Source "ChessBase"]
[SourceDate "2023.10.10"]
[SourceVersion "1"]
[SourceVersionDate "2023.10.10"]
[SourceQuality "1"]

1. d4 Nf6 2. Nf3 g6 3. c4 Bg7 4. g3 0-0 5. Bg2 d6 6. 0-0 Nbd7 7. Nc3 e5 8. dxe5 dxe5 9. Qc2 c6 10. Rd1 Qe7 11. e4 Re8 12. h3 Nh5 13. Be3 Nf8 14. Rd2 f5 15. exf5 gxf5 16. Bg5 Qf7 17. Na4 h6 18. Bd8 Be6 19. Rad1 Bxc4 20. Nc5 Bd5 21. Bh4 e4 22. Nd4 Ng6 23. Nb5 Be5 24. Nc3 Nxh4 25. Nxd5 cxd5 26. Rxd5 Ng6 27. Rd7 Re7 28. g4 Nf6 29. Rxe7 Nxe7 30. gxf5 Nxf5 31. Bxe4 Nd4 32. Qd3 Kh8 33. Kh1 Qh5 34. Bxb7 Rf8 35. Rg1 Qh4 36. Qe3 Qh5 37. Nd3 Re8 38. Nf4 Bxf4 39. Qxf4 Qxh3+ 40. Qh2 Qxh2+ 41. Kxh2 Re2 42. Rg6 Rxf2+ 43. Kg3 Rxb2 44. Rxf6 Rxb7 45. Rxh6+ Kg7 46. Ra6 Kf7 47. Kf4 Ke7 48. Rh6 Rd7 49. Ke4 Nb5 50. Ke5 Kd8 51. Rc6 Nc7 52. Rc3 Kc8 53. Rb3 Na8 54. Ke6 Nb6 55. Rb4 Kc7 56. Rb3 a5 57. Rxb6 Kxb6 58. Kxd7 Kc5 59. Ke6 Kd4 60. Kf5 Kc3 61. Ke4 a4 62. Ke3 1/2-1/2

[Event "Varese op 9th"]
[Site "Varese"]
[Date "2009.10.10"]
[Round "1"]
[White "Donghi, Fabio"]
[Black "Cardani, Roberto"]
[Result "0-1"]
[WhiteElo "1664"]
[BlackElo "1943"]
[PlyCount "54"]
[EventDate "2009.10.10"]
[EventType "swiss"]
[EventRounds "6"]
[EventCountry "ITA"]
[SourceTitle "EXT 2024"]
[Source "ChessBase"]
[SourceDate "2023.10.10"]
[SourceVersion "1"]
[SourceVersionDate "2023.10.10"]
[SourceQuality "1"]

1. d4 Nf6 2. c4 e6 3. Nc3 Bb4 4. Bd2 0-0 5. Nf3 d5 6. e3 b6 7. Rc1 Bb7 8. cxd5 Bxc3 9. Bxc3 Nxd5 10. Be2 Nd7 11. Bd2 c5 12. 0-0 Rc8 13. dxc5 Nxc5 14. Nd4 Qe7 15. f3 Rfd8 16. b4 Qg5 17. Kf2 e5 18. bxc5 exd4 19. exd4 Qh4+ 20. Kg1 Qxd4+ 21. Kh1 Ne3 22. Bxe3 Qxe3 23. Qxd8+ Rxd8 24. c6 Qxe2 25. c7 Rc8 26. Rfd1 g6 27. Re1 Rxc7 0-1

[Event "Corsico op-B 41st"]
[Site "Corsico"]
[Date "2009.10.04"]
[Round "4"]
[White "Cardani, Roberto"]
[Black "D'Apa, Massimo"]
[Result "1-0"]
[WhiteElo "1943"]
[BlackElo "1688"]
[PlyCount "71"]
[EventDate "2009.10.02"]
[EventType "swiss"]
[EventRounds "5"]
[EventCountry "ITA"]
[SourceTitle "EXT 2012"]
[Source "ChessBase"]
[SourceDate "2011.11.24"]
[SourceVersion "1"]
[SourceVersionDate "2011.11.24"]
[SourceQuality "1"]

1. e4 c5 2. Nf3 d6 3. d4 cxd4 4. Nxd4 Nc6 5. Nc3 Nf6 6. Bg5 Bd7 7. Qd2 Qb6 8. Nb3 a6 9. 0-0-0 Rc8 10. Be3 Qc7 11. f4 b5 12. Kb1 Be6 13. Bd3 Bxb3 14. cxb3 e6 15. h3 Be7 16. g4 Nb4 17. Nxb5 Qa5 18. Nc3 0-0 19. a3 Nxd3 20. Qxd3 Rb8 21. b4 Qc7 22. Qxa6 Ra8 23. Qd3 Qb7 24. g5 Nh5 25. Rhg1 Rfd8 26. f5 Kh8 27. g6 fxg6 28. fxg6 Nf6 29. gxh7 d5 30. e5 Ne4 31. Nxe4 dxe4 32. Qb3 Rdc8 33. Rxg7 Kxg7 34. Qxe6 Ra6 35. Rg1+ Kxh7 36. Qf7+ 1-0

[Event "Corsico op-B 41st"]
[Site "Corsico"]
[Date "2009.10.03"]
[Round "3"]
[White "Nardone, Massimo"]
[Black "Cardani, Roberto"]
[Result "1-0"]
[WhiteElo "1932"]
[BlackElo "1943"]
[PlyCount "87"]
[EventDate "2009.10.02"]
[EventType "swiss"]
[EventRounds "5"]
[EventCountry "ITA"]
[SourceTitle "EXT 2012"]
[Source "ChessBase"]
[SourceDate "2011.11.24"]
[SourceVersion "1"]
[SourceVersionDate "2011.11.24"]
[SourceQuality "1"]

1. d4 Nf6 2. Nf3 g6 3. Nbd2 d5 4. e3 Bg7 5. Be2 0-0 6. 0-0 Nbd7 7. c4 dxc4 8. Bxc4 c5 9. b3 cxd4 10. Nxd4 a6 11. Bb2 e5 12. N4f3 b5 13. Be2 e4 14. Nd4 Bb7 15. Rc1 Rc8 16. Rxc8 Qxc8 17. Bg4 Nxg4 18. Qxg4 Ne5 19. Qd1 Nd3 20. Ba1 f5 21. f3 exf3 22. N2xf3 Nc5 23. Ne2 Qe6 24. Bd4 Rd8 25. Nf4 Qc6 26. Qc2 Bxd4 27. exd4 Ne4 28. Qxc6 Bxc6 29. Rc1 Bb7 30. Ne6 Rc8 31. Rxc8+ Bxc8 32. Nc5 Nc3 33. a4 h6 34. Kf2 Ne4+ 35. Ke3 Nf6 36. Ne5 Ng4+ 37. Nxg4 fxg4 38. Kf4 Kf7 39. Ke5 Ke7 40. axb5 axb5 41. d5 Bf5 42. g3 b4 43. d6+ Kd8 44. Kd4 1-0

[Event "Bergamo op 8th"]
[Site "Bergamo"]
[Date "2009.07.18"]
[Round "3"]
[White "Scarabelli, Maurizio"]
[Black "Cardani, Roberto"]
[Result "0-1"]
[WhiteElo "1916"]
[BlackElo "1950"]
[PlyCount "74"]
[EventDate "2009.07.17"]
[EventType "swiss"]
[EventRounds "6"]
[EventCountry "ITA"]
[SourceTitle "EXT 2012"]
[Source "ChessBase"]
[SourceDate "2011.11.24"]
[SourceVersion "1"]
[SourceVersionDate "2011.11.24"]
[SourceQuality "1"]

1. e4 c5 2. Nf3 d6 3. d4 cxd4 4. Nxd4 Nf6 5. Nc3 a6 6. Bg5 e6 7. f4 Qb6 8. Qd2 Qxb2 9. Rb1 Qa3 10. e5 dxe5 11. fxe5 Nfd7 12. Bc4 Bb4 13. Rb3 Qa5 14. 0-0 0-0 15. Rfb1 Bxc3 16. Rxc3 Nxe5 17. Bb3 Nbc6 18. Nxc6 Nxc6 19. Rf1 Bd7 20. Bf6 Ne5 21. Rg3 Qb6+ 22. Kh1 Ng6 23. Rh3 e5 24. Qxd7 gxf6 25. Qf5 Kg7 26. Qh5 Rh8 27. Qh6+ Kg8 28. Rhf3 Rd8 29. h4 Rd4 30. Rg3 f5 31. h5 Rh4+ 32. Rh3 Qf6 33. Rd1 Rxh3+ 34. gxh3 Qh4 35. Bxf7+ Kxf7 36. Rd3 Ne7 37. Rd6 Qxh3+ 0-1

[Event "Robecchetto op-A 19th"]
[Site "Robecchetto"]
[Date "2008.12.28"]
[Round "3"]
[White "Turini, Gianluca"]
[Black "Cardani, Roberto"]
[Result "0-1"]
[WhiteElo "1572"]
[BlackElo "1900"]
[PlyCount "66"]
[EventDate "2008.12.27"]
[EventType "swiss"]
[EventRounds "6"]
[EventCountry "ITA"]
[SourceTitle "EXT 2011"]
[Source "ChessBase"]
[SourceDate "2010.11.26"]
[SourceVersion "1"]
[SourceVersionDate "2010.11.26"]
[SourceQuality "1"]

1. e4 c5 2. Nf3 d6 3. d4 cxd4 4. Nxd4 Nf6 5. Nc3 a6 6. Bg5 e6 7. Bc4 Be7 8. Qd2 h6 9. Be3 Nc6 10. f3 Nxd4 11. Bxd4 b5 12. Be2 Bb7 13. a3 0-0 14. 0-0 Qc7 15. Rad1 Rfd8 16. Qe3 Nd7 17. Qf2 Rac8 18. Bd3 Bf6 19. Bxf6 Nxf6 20. Rfe1 Nd7 21. Ne2 Ne5 22. Rc1 d5 23. exd5 Bxd5 24. Nf4 Bc4 25. Bf1 a5 26. Bxc4 Nxc4 27. Nd3 Nxa3 28. bxa3 Rxd3 29. cxd3 Qxc1 30. Rxc1 Rxc1+ 31. Qf1 Rxf1+ 32. Kxf1 b4 33. axb4 a4 0-1

[Event "Robecchetto op-A 19th"]
[Site "Robecchetto"]
[Date "2008.12.27"]
[Round "1"]
[White "Cavallini, Gianfranco"]
[Black "Cardani, Roberto"]
[Result "1/2-1/2"]
[WhiteElo "2103"]
[BlackElo "1900"]
[PlyCount "83"]
[EventDate "2008.12.27"]
[EventType "swiss"]
[EventRounds "6"]
[EventCountry "ITA"]
[SourceTitle "EXT 2011"]
[Source "ChessBase"]
[SourceDate "2010.11.26"]
[SourceVersion "1"]
[SourceVersionDate "2010.11.26"]
[SourceQuality "1"]

1. g3 d5 2. Bg2 Nf6 3. d3 c6 4. Nf3 Bg4 5. Nbd2 Nbd7 6. h3 Bh5 7. b3 e5 8. Bb2 Bd6 9. 0-0 0-0 10. c4 Re8 11. Nh4 Bg6 12. e4 Nc5 13. Qe2 dxe4 14. Nxe4 Nfxe4 15. dxe4 Ne6 16. Rad1 Qc7 17. Nf5 Bc5 18. Qg4 Rad8 19. h4 h5 20. Qf3 Nd4 21. Bxd4 exd4 22. g4 hxg4 23. Qxg4 Bxf5 24. exf5 Qe5 25. h5 Bd6 26. f4 Qe2 27. Bh3 d3 28. f6 Qxg4+ 29. Bxg4 Bc5+ 30. Kh1 Re3 31. Bf5 d2 32. Rg1 g6 33. Kh2 Bd6 34. Kg2 Bxf4 35. hxg6 fxg6 36. Bxg6 Rg3+ 37. Kf1 Rxg1+ 38. Kxg1 Rd6 39. f7+ Kg7 40. Bh5 Rh6 41. Rf1 Rf6 42. Kf2 1/2-1/2

[Event "Milan Crespi op-B 29th"]
[Site "Milan"]
[Date "2008.12.08"]
[Round "6"]
[White "Cardani, Roberto"]
[Black "Regorda, Massimiliano"]
[Result "1/2-1/2"]
[WhiteElo "1900"]
[BlackElo "1898"]
[PlyCount "87"]
[EventDate "2008.12.05"]
[EventType "swiss"]
[EventRounds "7"]
[EventCountry "ITA"]
[SourceTitle "EXT 2010"]
[Source "ChessBase"]
[SourceDate "2010.11.25"]
[SourceVersion "1"]
[SourceVersionDate "2010.11.25"]
[SourceQuality "1"]

1. e4 e5 2. Nf3 Nc6 3. Bb5 g6 4. c3 Bg7 5. 0-0 d6 6. h3 a6 7. Ba4 Nge7 8. d4 0-0 9. Bg5 b5 10. Bb3 Na5 11. Bc2 h6 12. Bh4 f6 13. Nbd2 c5 14. Re1 Be6 15. Nf1 cxd4 16. cxd4 Rc8 17. d5 Bd7 18. Ne3 Nc4 19. Nxc4 Rxc4 20. Bd3 Rc5 21. Nd2 f5 22. f3 fxe4 23. Nxe4 Rxd5 24. Bxe7 Qxe7 25. Bc4 bxc4 26. Qxd5+ Be6 27. Qxd6 Qxd6 28. Nxd6 Rb8 29. Rab1 Rb6 30. Ne4 Bf8 31. g4 Kg7 32. Kg2 Rb5 33. Nc3 Rc5 34. f4 Bd6 35. Rbd1 Bc7 36. fxe5 Bxe5 37. Re2 Bc8 38. Rd5 Rxd5 39. Nxd5 Bd6 40. Ne3 Bb7+ 41. Kf1 Bf3 42. Rf2 Be4 43. Ke1 Bg3 44. Nxc4 1/2-1/2